Complete the Movie Title (1983) - Statistics

General Stats
  • This quiz has been taken 239 times
  • The average score is 15 of 25
Answer Stats
Hint Answer % Correct
Risky _____ Business
93%
Trading _____ Places
88%
The Man with Two _____ Brains
87%
An Officer and a _____ Gentleman
87%
Sophie’s _____ Choice
86%
Bad _____ Boys
83%
The King of _____ Comedy
79%
The _____ of Life Meaning
76%
All the Right _____ Moves
76%
The Black _____ Returns Stallion
76%
Easy _____ Money
71%
_____ of the Century Deal
68%
Metalstorm: The _____ of Jared-Syn Destruction
54%
_____ Girl Valley
54%
Spacehunter: Adventures in the Forbidden _____ Zone
52%
Eddie and the _____ Cruisers
50%
The Dark _____ Crystal
42%
Chained _____ Heat
37%
My _____ Tutor
35%
The Final _____ Option
33%
The _____ Chamber Star
30%
The Golden _____ Seal
29%
D.C. _____ Cab
25%
The Osterman _____ Weekend
25%
Savage _____ Islands
24%
No matching quizzes found
Score Distribution
Percent of People with Each Score
Percentile by Number Answered
Your Score History
You have not taken this quiz